000 01124nam a22003257a 4500
001 BR7000599
003 BR-BrBNA
005 20230928083613.0
007 ta
008 230509b bl.||||| |||| 00| 0 por d
040 _aBR-BrBNA
_bpor
_cBiblioteca Nacional de Agricultura
041 _a(Por)
072 _aL10; E30
_b5214
_b/G514
090 _ 5214 BR7000599
110 1 _aDiretoria Estadual do Ministerio da Agricultura na Paraiba, Joao Pessoa (Brasil);
_93435
110 1 _aComissao Estadual de Planejamento Agricola da Paraiba, Joao Pessoa (Brasil)
_92028
245 1 _aProjeto Umbuzeiro. Reforma estrutural da fazenda regional de criacao "Joao Pessoa" selecao de Gir leiteiro [Paraiba; Brasil]
260 3 _aJoao Pessoa, PB (Brasil):
_c[nd].
300 _a21 p.
500 _a6 tables; Map, scale 1:10,000; Published after 1970
650 _aMelhoramento genetico animal
650 _aProjeto de desenvolvimento
650 _aGado leiteiro
650 _aGado gir
650 _aLinhagem
650 _aMelhoramento animal
650 _aParaiba
909 _a202309
_bLucia
_c55
_dLucia Elande
942 _cBK
999 _c14421
_d14421